LEADER 01566nam a2200289 u 4500 001 000000016428 003 CaOOAMICUS 005 20070226110007.0 008 941216s1875 it h u000 u ita u 035 $a10385137 040 $aJHW$bita$cJHW 100 1 $aLais, Giuseppe,$cC.Or.,$d1845-1921.$0(OLS)http://pul/name/14936 245 10$aCenni storici della Biblioteca Vallicelliana con ricerche di patrologia /$cper Giuseppe Lais. 260 $aRoma :$bTipog. Guerra e Mirri,$c1875. 300 $a40 p. [4] col. leaves of pls. :$bfacs ;$c26 cm 500 $aThe "Ricerche di patrologia" consist of two pieces, the authorship of which is doubiful, transcribed from the Codice Vallicelliana T. 20, where they are incorporated with the writing of Luculentius. 500 $aAppendix: "Edizione delle opere di Luculento-Tip. di Prop. fide 1837 confrontata coll'originale vallicelliana." 504 $aContains bibliographical references. 610 24$aBiblioteca vallicelliana.$0(OLS)http://pul/subject/11643 650 0$aSermons, Latin.$2//eng$0(OLS)http://pul/subject/3769 650 0$aLiterature, Medieval.$2//eng$0(OLS)http://pul/subject/5327 850 $aPUL 852 $aPUL$W1$xDP1 Antico 800$y27$m24 F 7$j23131$nBK-PRI$b $qStampati Antico$B23131$CPULBib$Z2$F23131 $H $81 941 1 $a15 961 $aINV: Fondo Pio IX. 996 $6245$aCenni storici della Biblioteca Vallicelliana con ricerche di patrologia$9(OLS)http://pul/title/23452 996 $6260$aRoma :$bTipog. Guerra e Mirri$9(OLS)http://pul/publisher/55044 LEADER 01619nam a2200361 a 4500 001 000000028540 003 CaOOAMICUS 005 20150115094841.0 008 960730s1977 it u000 u ita r 035 $a10740348 040 $aPUL$bita 041 1 $aita$heng 100 1 $aKnowles, David,$d1896-$0(OLS)http://pul/name/5906 240 10$aThomas Becket.$lItaliano.$0(OLS)http://pul/title/21873 245 10$aThomas Becket /$cDavid Knowles ; traduzione di Alfredo Cocci. 260 $aNapoli :$bLiguori,$c1977. 300 $a218 p. ;$c21 cm 490 1 $aNuovo Medioevo ;$v5 504 $aNote sul materiale biografico p. 211-218 con note bibliografiche a fondo pagina. 600 04$aThomas,$cs., arciv. di Canterbury,$d1118-1170.$0(OLS)http://pul/subject/8650 700 1 $aCocci, Alfredo.$0(OLS)http://pul/name/23216 830 0$aNuovo Medioevo ;$v5.$0(OLS)http://pul/title/338 850 $aPUL 852 $aPUL$W1$xDP1 Fondo Maccarrone$y58$m1506 G 24$j39616$nBK-PRI$b $qFondi$B39616$CPULBib$Z2$F39616 $H $81 852 $aPUL$W1$xSL Filosofia 1$y2$m110(1) E 5$j39617$nBK-PRI$b $qStampati$B39617$CPULBib$Z2$F39617 $H $81 852 $aPUL$W1$xDP1 Fondo Capitani$y116$m3 C 8$j44353$a3. copia$qFondi$B162756$CPULBib$Z2$F162756 $HCap544 $82 941 1 $a8 941 1 $a1 961 $aINV: 01955 -- Fondo Mons. M. Maccarrone 961 $aINV: 69497 996 $6245$aThomas Becket$9(OLS)http://pul/title/21874 996 $6260$aNapoli :$bLiguori$9(OLS)http://pul/publisher/48007